| 000 | 00402nam a2200109Ia 4500 | ||
|---|---|---|---|
| 008 | 160909s9999 xx 000 0 und d | ||
| 100 | _aJodlowski, Edward. | ||
| 245 | _aValue-added measures of student growth: Where we are in Illinois post-PERA | ||
| 260 |
_bSouthern Illinois University at Edwardsville _c2016 |
||
| 650 | _aEDUC/SPED | ||
| 856 | _uhttp://pqdtopen.proquest.com/doc/1809791739.html?FMT=ABS | ||
| 999 |
_c305093 _d305093 |
||